Outlander - Actors to Character - Statistics

General Stats
  • This quiz has been taken 303 times
  • The average score is 9 of 15
Answer Stats
Hint Answer % Correct
Caitriona Balfe Claire Beauchamp Randall/Fraser
100%
Sam Heughan James MacKenzie Fraser
100%
Tobias Menzies - present Frank Randall
94%
Tobias Menzies - past Jonathan Randall
87%
Sophie Skelton Brianna Randall/MacKenzie Fraser
84%
Richard Rankin Roger Wakefied/MacKenzie
72%
César Domboy Claudel Fraser
66%
Graham McTavish Dougal MacKenzie
65%
Duncan Lacroix Murtagh Fraser
58%
Lotte Verbeek Geillis Duncan/ Gillian Edgars
48%
Laura Donnelly Janet Fraser Murray
45%
Gary Lewis Colum MacKenzie
35%
Grant O'Rourke Rupert MacKenzie
25%
Stephen Walters Anghus Mhor
21%
Annette Badland Glenna Fitzgibbons
17%
No matching quizzes found
Score Distribution
Percent of People with Each Score
Percentile by Number Answered
Your Score History
You have not taken this quiz